=LDR 00000nam 2200000 4500 =001 INLIS000000000019828 =005 20130612114840 =008 ***********************************Ind** =035 ##$$0010-061300000019828 =041 ##$$a Ind =082 ##$$a 617 =090 ##$$a 617, Sme b =100 ##$$a Smeltzer, Suzanne C =245 ##$$a Buku ajar keperawatan medikal bedah brunmer dan suddarth, Suzanne C. Smeltzar, RN =260 ##$$a 2001 $b Jakarta =300 ##$$a xxii, 716 hlm, ilus, 28 cm =650 ##$$a Bedah Medikal =850 ##$$a NBPNMAT =990 ##$$a 0001/BPAP-NTB/20142014 =990 ##$$a 0001/BPAP-NTB/2016 =990 ##$$a 1284412844 =990 ##$$a 0001/BPAP-NTB/20142014 =990 ##$$a 0001/BPAP-NTB/2016 =990 ##$$a 01201712844